Jasmine (Record no. 351866)
[ view plain ]
| 000 -LEADER | |
|---|---|
| fixed length control field | 00446nam a22001937a 4500 |
| 003 - CONTROL NUMBER IDENTIFIER | |
| control field | OSt |
| 005 - DATE AND TIME OF LATEST TRANSACTION | |
| control field | 20180116183057.0 |
| 008 - FIXED-LENGTH DATA ELEMENTS--GENERAL INFORMATION | |
| fixed length control field | 161024b xxu||||| |||| 00| 0 eng d |
| 020 ## - INTERNATIONAL STANDARD BOOK NUMBER | |
| International Standard Book Number | 0140104380 |
| 040 ## - CATALOGING SOURCE | |
| Transcribing agency | 0 |
| 082 ## - DEWEY DECIMAL CLASSIFICATION NUMBER | |
| Classification number | 813.54 MUK 1989 |
| 100 ## - MAIN ENTRY--PERSONAL NAME | |
| Personal name | Mukherjee,Bharati |
| 245 ## - TITLE STATEMENT | |
| Title | Jasmine |
| Statement of responsibility, etc. | Bharati Mukherjee |
| 260 ## - PUBLICATION, DISTRIBUTION, ETC. | |
| Place of publication, distribution, etc. | India |
| Name of publisher, distributor, etc. | Penguin Book |
| Date of publication, distribution, etc. | 1989 |
| 300 ## - PHYSICAL DESCRIPTION | |
| Extent | 241p. |
| Other physical details | PB. |
| 440 ## - SERIES STATEMENT/ADDED ENTRY--TITLE | |
| Title | Jasmine |
| 500 ## - GENERAL NOTE | |
| General note | PB. |
| 942 ## - ADDED ENTRY ELEMENTS (KOHA) | |
| Source of classification or shelving scheme | |
| Koha item type | Book |
| Withdrawn status | Lost status | Source of classification or shelving scheme | Damaged status | Not for loan | Collection code | Permanent Location | Current Location | Shelving location | Date acquired | Total Checkouts | Total Renewals | Full call number | Barcode | Date last seen | Date last checked out | Price effective from | Koha item type |
|---|---|---|---|---|---|---|---|---|---|---|---|---|---|---|---|---|---|
| Central Library (CL) | Central Library (CL) | General Stacks | 10/24/2016 | 3 | 2 | 813.54 MUK 1989 | NBSD-2868 | 02/28/2024 | 12/15/2023 | 10/24/2016 | Book |
